000 00267nam a22001217a 4500
082 _a823
_bJOS/W
100 _aJOSHI, J C
245 _aWORLD FAMOUS TALES FOR CHILDREN
260 _aDELHI
_bS CHAND & CO
300 _a106
650 _aENGLISH STORY
_zINDIA
942 _cBK
999 _c7381
_d7381